państwa nie daleko polski dla geomex - Statystyki

Ogólne statystyki
  • Ten quiz został rozwiązany 118 razy
  • Średni wynik to 13 z 15
Statystyki odpowiedzi
podpowiedź odpowiedź % Poprawnych
sąsiad niemcy
100%
sąsiad czechy
99%
sąsiad litwa
97%
sąsiad słowacja
97%
polak węgier dwa bratanki węgry
95%
sąsiad bialorus
94%
bałtyckie lotwa
94%
bałtyckie estonia
92%
nordyckie norwegia
92%
nordyckie szwecja
92%
nordyckie finlandia
89%
nordyckie dania
88%
bez morza austria
82%
mało morza słowenia
58%
może rumunia
49%
Nie znaleziono quizów pasujących do podanych kryteriów
Rozkład punktacji
Procent ludzi z każdym wynikiem
Percentyl według liczby udzielonych odpowiedzi
Twoja historia wyników
Nie rozwiązałeś tego quizu